000 00420nam a22001817a 4500
003 OSt
005 20250401124606.0
008 250401b |||||||| |||| 00| 0 eng d
020 _a9789393050366
082 _a8H3
_bTENT
100 _aTenaliram
245 _aTenaliram ki anmol kahaniya
260 _aGurugram
_bLexicon Books
300 _a160p.
546 _aHindi
651 _aHindi Fiction
942 _2ddc
_cBK
999 _c3744
_d3744